000 01437nam a22004097a 4500
001 442
003 FISKH
005 20230421105013.0
008 230421b cb ||||| |||| 00| 0 eng d
010 _a 2008014683
020 _a9780061346095 (pbk.)
020 _a9780061346101 (lib. bdg.)
040 _aDLC
_cDLC
_dDLC
_dFISKH
_beng
042 _alcac
050 0 0 _aPZ7.G9846
_bMro 2008
082 0 0 _a303
_222
100 1 _aGutman, Dan.
245 1 0 _aMr. Sunny is funny! /
_cDan Gutman ; pictures by Jim Paillot.
246 3 _aMister Sunny is funny!
250 _a1st ed.
260 _aNew York :
_bHarperTrophy,
_cc2008.
300 _a105 p. :
_bill. ;
_c20 cm.
490 0 _aMy weird school daze ;
_v#2
505 _aM
520 _aSecond-grade graduate A.J. and his family rent a beach house, but summer vacation is ruined when annoying Andrea shows up and develops a crush on the lifeguard.
521 1 _a640
_bLexile
521 1 _aM
_bRaz-Plus
650 1 _aVacations
_vFiction.
650 1 _aSummer
_vFiction.
650 1 _aBeaches
_vFiction.
650 1 _aHumorous stories.
700 1 _aPaillot, Jim,
_eill.
856 4 1 _3Table of contents only
_uhttp://www.loc.gov/catdir/toc/ecip0819/2008014683.html
906 _a7
_bcbc
_corignew
_d1
_eecip
_f20
_gy-gencatlg
942 _2ddc
_cBK
_n0
999 _c442
_d442